Načítá se...
Law in modern society
| Hlavní autor: | |
|---|---|
| Médium: | Printed Book |
| Vydáno: |
New York
Oxford University Press
2007
|
| Témata: |
| LEADER | 00511nam a22001577a 4500 | ||
|---|---|---|---|
| 020 | |a 019-926978-5 | ||
| 074 | |a 5574 | ||
| 082 | |a 340.115 GAL'07 | ||
| 100 | |a Galligan,D.J |9 168 | ||
| 245 | |a Law in modern society | ||
| 260 | |a New York |b Oxford University Press |c 2007 | ||
| 300 | |a xi,380p. | ||
| 500 | |a include index | ||
| 653 | |a Law |a Law in general | ||
| 999 | |c 175 |d 175 | ||
| 952 | |0 0 |1 0 |2 ddc |4 0 |6 340_112000000000000_GAL07 |7 0 |9 261 |a NUALS |b NUALS |c GEN |d 2009-07-07 |l 1 |o 340.112 GAL'07 |p 5574 |r 2018-10-30 |s 2018-10-26 |w 2009-07-07 |y BK | ||